[Event "WYCC 2018 O16"]
[Site "Halkidiki"]
[Date "2018.10.21"]
[Round "3"]
[White "Koustav Chatterjee"]
[Black "Sargsyan, Shant"]
[Result "0-1"]
[WhiteElo "2344"]
[BlackElo "2463"]
[Annotator "TA"]
[PlyCount "92"]
[EventDate "2018.10.20"]
[EventType "swiss"]
[EventCountry "GRE"]
[SourceTitle "playchess.com"]
[Source "ChessBase"]
[SourceQuality "1"]

{[%evp 13,92,0,0,-2,6,-4,0,0,-5,-16,0,0,5,-20,-4,-23,-36,-37,-19,-30,-28,-41,-37,-23,-33,-78,-28,-25,-12,-5,20,17,11,15,47,25,37,46,113,-125,-124,-97,-102,-88,-108,-199,-193,-161,-183,-150,-170,-294,-293,-314,-283,-312,-275,-300,-246,-443,-429,-412,-349,-465,-459,-535,-494,-593,-607,-632,-608,-834,-834,-811,-705,-2261,-1155,-29990,-29991,-29991,-350]} 1. d4 Nf6 2. c4 e6 3. Nc3 Bb4 4. e3 O-O 5. Bd2 d5 6. Nf3 b6 7. cxd5 exd5 8. Bd3 {E51: Nimzo-Indian: Rubinstein: 4...0-0 5 Nf3 d5} (8. Rc1 Be7 9. Bd3 Bb7 10. O-O c5 11. dxc5 bxc5 12. Re1 Nc6 13. Bb1 Re8 14. e4 dxe4 15. Nxe4 Nd4 {½-½ (54) Vitiugov,N (2730)-Inarkiev,E (2690) Satka 2018}) 8... c5 9. dxc5 bxc5 10. a3 $146 {The position is equal.} ({Predecessor:} 10. Ne2 Nc6 11. Rc1 Qb6 12. O-O Bxd2 13. Qxd2 c4 14. Bb1 Rb8 15. Rc2 Bf5 {0-1 (28) Forget,D (1902)-Upper,J (2227) Gatineau 2014}) 10... Ba5 11. Na4 Bb6 12. b4 c4 13. Be2 Ne4 14. Nc3 Nc6 {[%cal Bb8c6,Bc6e7,Be7g6][%mdl 32]} 15. O-O Be6 16. Be1 f5 17. Qa4 Qe8 18. b5 Ne7 19. Qb4 Ng6 20. Rd1 Rd8 21. a4 Kh8 22. Nd4 Bc5 23. Qb2 Bg8 24. Nc6 Rd7 25. Bh5 f4 (25... Rb7 $14 26. Nxe4 fxe4) 26. exf4 $2 (26. Bxg6 $16 {and life is bright.} hxg6 27. Nxe4 Qxe4 28. Bb4 Bxb4 29. Qxb4 fxe3 30. Qxf8) 26... d4 $17 (26... Rxf4 $6 27. Bxg6 hxg6 28. Nxe4 $11) 27. Nxe4 Qxe4 28. Bxg6 hxg6 (28... Qxg6 29. Ne5 $16) 29. Bb4 (29. Ne5 $17 {might work better.} c3 30. Qc1) 29... c3 $19 {[%cal Bc4c3,Bc3c2][%mdl 32]} 30. Qa3 Bxb4 31. Qxb4 Rxf4 $40 {[%mdl 128] [#] aiming for ...Bd5. Black is out for blood.} 32. Rfe1 (32. Rde1 $142 Qd5 33. Re7) 32... c2 33. Rc1 d3 34. Qd2 ({Much weaker is} 34. Rxe4 d2 $19) 34... Qf5 (34... Qxa4 35. Ra1 $11) 35. Ne5 Rd8 ({Not} 35... Rdd4 36. f3 $17) 36. f3 $2 ({But not} 36. Qxf4 $2 Qxf4 37. Nxd3 Qd2 $19) (36. Nc6 Rd6 37. Rxc2 Rxf2 38. Qxf2 dxc2 39. Nb4) 36... Rxa4 37. Re3 Rad4 38. Nc6 Qxb5 39. Nxd8 Rxd8 40. Kf2 Qc5 41. h4 a5 42. g4 Qb4 43. Ke1 Qf4 {[#] Threatens to win with ...Bc4.} 44. h5 gxh5 {White must now prevent ...Qg3+.} 45. gxh5 Qh4+ 46. Kf1 Qh1+ {Precision: White = 43%, Black = 54%.} 0-1

[Event "WYCC 2018 O16"]
[Site "Halkidiki"]
[Date "2018.10.21"]
[Round "3"]
[White "Guerra Rivera, Salvador"]
[Black "Fossan, Aleksander"]
[Result "1-0"]
[WhiteElo "2340"]
[BlackElo "2173"]
[Annotator "NA"]
[PlyCount "69"]
[EventDate "2018.10.20"]
[EventType "swiss"]
[EventCountry "GRE"]
[SourceTitle "playchess.com"]
[Source "ChessBase"]
[SourceQuality "1"]
[TimeControl "40/5400+30:1800+30"]

1. Nf3 {[%emt 0:00:00]} c5 {[%emt 0:00:03]} 2. e4 {[%emt 0:00:00]} g6 {[%emt 0:00:08]} 3. d4 {[%emt 0:00:07]} cxd4 {[%emt 0:00:09]} 4. Nxd4 {[%emt 0:00:20]} Bg7 {[%emt 0:00:15]} 5. Nc3 {[%emt 0:00:26]} Nc6 {[%emt 0:00:18]} 6. Be3 {[%emt 0:00:10]} Nf6 {[%emt 0:00:31]} 7. Bc4 {[%emt 0:00:20]} O-O {[%emt 0:00:35]} 8. Bb3 {[%emt 0:00:16]} a5 {[%emt 0:04:23]} 9. O-O {[%emt 0:00:35]} a4 {[%emt 0:00:06]} 10. Nxa4 {[%emt 0:00:15]} Nxe4 {[%emt 0:00:33]} 11. Nb5 {[%emt 0:00:18]} d5 {[%emt 0:06:24]} 12. Bb6 {[%emt 0:00:23]} Qd7 {[%emt 0:00:13]} 13. Qe2 {[%emt 0:00:35]} Na5 {[%emt 0:14:06]} 14. Nc7 {[%emt 0:17:12]} Nxb3 {[%emt 0:01:52]} 15. axb3 {[%emt 0:00:07]} Rb8 {[%emt 0:09:30]} 16. c4 {[%emt 0:03:49]} Nf6 $16 {[%emt 0:09:06]} 17. Rfd1 {[%emt 0:02:27]} Qd6 {[%emt 0:06:56]} 18. Nxd5 {[%emt 0:04:55]} Nxd5 {[%emt 0:00:19]} 19. Rxd5 {[%emt 0:00:09]} Qe6 {[%emt 0:02:22]} 20. Qd2 {[%emt 0:03:03]} Qg4 {[%emt 0:04:41]} 21. h3 {[%emt 0:02:50]} Qh4 {[%emt 0:00:46]} 22. Ba7 {[%emt 0:01:46]} Ra8 {[%emt 0:02:17]} 23. Nb6 {[%emt 0:00:14]} Be6 {[%emt 0:00:24]} 24. Nxa8 {[%emt 0:00:16]} Bxd5 {[%emt 0:02:52]} 25. Qxd5 {[%emt 0:00:33]} Rxa8 {[%emt 0:00:09]} 26. Qxb7 {[%emt 0:00:13]} Rf8 {[%emt 0:04:49]} 27. Be3 {[%emt 0:02:45]} Bxb2 {[%emt 0:01:02]} 28. Rd1 {[%emt 0:00:15]} Qh5 {[%emt 0:02:41]} 29. Rd5 {[%emt 0:01:31]} Qe2 {[%emt 0:01:18]} 30. Qxe7 {[%emt 0:00:36]} Qe1+ {[%emt 0:01:54]} 31. Kh2 {[%emt 0:00:08]} Bc1 {[%emt 0:01:34]} 32. Rd8 {[%emt 0:00:31]} Rxd8 {[%emt 0:00:10]} 33. Qxd8+ {[%emt 0:00:03]} Kg7 {[%emt 0:00:08]} 34. Bd4+ {[%emt 0:00:07]} f6 {[%emt 0:00:13]} 35. Qxf6+ {[%emt 0:00:09]} 1-0

[Event "WYCC 2018 O16"]
[Site "Halkidiki"]
[Date "2018.10.21"]
[Round "3"]
[White "Morgunov, Daniel"]
[Black "Beukes, Dante M"]
[Result "1-0"]
[WhiteElo "2328"]
[BlackElo "2155"]
[Annotator "NA"]
[PlyCount "95"]
[EventDate "2018.10.20"]
[EventType "swiss"]
[EventCountry "GRE"]
[SourceTitle "playchess.com"]
[Source "ChessBase"]
[SourceQuality "1"]
[TimeControl "40/5400+30:1800+30"]

1. e4 {[%emt 0:00:00]} c5 {[%emt 0:00:00]} 2. Nf3 {[%emt 0:00:00]} Nc6 {[%emt 0:00:00]} 3. d4 {[%emt 0:00:00]} cxd4 {[%emt 0:00:00]} 4. Nxd4 {[%emt 0:00:00]} g6 {[%emt 0:00:00]} 5. c4 {[%emt 0:00:00]} Bg7 {[%emt 0:00:00]} 6. Be3 {[%emt 0:00:00]} Nf6 {[%emt 0:00:00]} 7. Nc3 {[%emt 0:00:00]} O-O {[%emt 0:00:08]} 8. Be2 {[%emt 0:01:33]} d6 {[%emt 0:00:05]} 9. Qd2 {[%emt 0:00:41]} Bd7 {[%emt 0:00:15]} 10. O-O {[%emt 0:00:17]} Nxd4 {[%emt 0:00:07]} 11. Bxd4 {[%emt 0:00:04]} Bc6 {[%emt 0:00:05]} 12. Bd3 {[%emt 0:00:32]} a5 {[%emt 0:00:10]} 13. Rae1 {[%emt 0:00:26] B38: Sizilianisch (Maroczy-Aufbau)} a4 {[%emt 0:01:36]} 14. f4 {[%emt 0:00:42]} e5 {[%emt 0:00:52]} 15. fxe5 {[%emt 0:10:14]} Ng4 {[%emt 0:00:21]} 16. h3 $146 {[%emt 0:20:20]} ({Vorgänger:} 16. Nd5 Bxd5 17. cxd5 Nxe5 18. Be2 Qh4 19. Bb5 a3 20. b3 Rac8 {0-1 (55) Kobese,W (2370)-Mamedov,R (2660) Khanty-Mansiysk 2010}) 16... Bxe5 {[%emt 0:13:05]} 17. Be2 {[%emt 0:05:18]} Bxd4+ {[%emt 0:01:10]} 18. Qxd4 {[%emt 0:00:09]} Ne5 {[%emt 0:00:26]} 19. Rd1 {[%emt 0:03:33]} Qg5 {[%emt 0:06:35]} 20. Qd2 {[%emt 0:07:09]} Qg3 {[%emt 0:16:02]} 21. Qxd6 {[%emt 0:01:24] [#]} Rfd8 $11 {[%emt 0:01:21]} 22. Qc5 {[%emt 0:12:16]} Rxd1 {[%emt 0:03:05]} 23. Rxd1 {[%emt 0:00:16]} a3 {[%emt 0:00:41]} 24. Qf2 {[%emt 0:20:20]} Qxf2+ {[%emt 0:00:29]} 25. Kxf2 {[%emt 0:00:04]} axb2 {[%emt 0:00:11]} 26. Ke3 {[%emt 0:01:24]} Ra3 {[%emt 0:23:22]} 27. Kd4 {[%emt 0:01:22]} Ba4 {[%emt 0:02:01]} 28. Rb1 {[%emt 0:06:00]} Nc6+ {[%emt 0:06:16]} 29. Kd3 {[%emt 0:00:23]} b5 {[%emt 0:05:06]} 30. Kd2 {[%emt 0:01:58]} b4 {[%emt 0:01:58]} 31. Nxa4 {[%emt 0:00:29]} Rxa4 {[%emt 0:00:08]} 32. Rxb2 {[%emt 0:00:06]} Kf8 {[%emt 0:01:57]} 33. Bd1 {[%emt 0:01:16]} Ra5 {[%emt 0:01:31]} 34. Ke3 {[%emt 0:01:16]} Ra3+ {[%emt 0:02:05]} 35. Bb3 {[%emt 0:00:53]} Ke7 {[%emt 0:00:16]} 36. Rd2 {[%emt 0:00:43]} Na5 {[%emt 0:00:47]} 37. Rd3 {[%emt 0:00:10]} Nxb3 {[%emt 0:04:13]} 38. axb3 {[%emt 0:00:16]} Ra2 {[%emt 0:00:15]} 39. Rd2 {[%emt 0:00:35]} Ra3 {[%emt 0:00:05]} 40. Rd3 {[%emt 0:00:00]} Ra2 {[%emt 0:00:00]} 41. Rd2 {[%emt 0:09:52]} Ra3 {[%emt 0:00:28]} 42. Rb2 {[%emt 0:00:04]} Kd6 {[%emt 0:07:53]} 43. Kd4 {[%emt 0:00:11]} Ra5 {[%emt 0:05:20]} 44. Rc2 {[%emt 0:02:27]} f6 {[%emt 0:07:06]} 45. Rf2 {[%emt 0:02:55]} f5 {[%emt 0:00:32]} 46. exf5 {[%emt 0:00:20]} gxf5 {[%emt 0:00:07]} 47. Re2 {[%emt 0:00:40]} f4 {[%emt 0:03:05]} 48. Rf2 {[%emt 0:03:08] Kd5+ Ke4+} 1-0

[Event "WYCC 2018 O16"]
[Site "Halkidiki"]
[Date "2018.10.21"]
[Round "3"]
[White "Golikov, Daniil"]
[Black "Vatsal Singhania"]
[Result "1-0"]
[WhiteElo "2319"]
[BlackElo "2128"]
[Annotator "NA"]
[PlyCount "85"]
[EventDate "2018.10.20"]
[EventType "swiss"]
[EventCountry "GRE"]
[SourceTitle "playchess.com"]
[Source "ChessBase"]
[SourceQuality "1"]
[TimeControl "40/5400+30:1800+30"]

1. d4 {[%emt 0:00:00]} d5 {[%emt 0:00:00]} 2. c4 {[%emt 0:00:00]} e6 {[%emt 0:00:00]} 3. Nc3 {[%emt 0:00:00]} Be7 {[%emt 0:00:00]} 4. cxd5 {[%emt 0:00:44]} exd5 {[%emt 0:00:00]} 5. Bf4 {[%emt 0:00:52]} c6 {[%emt 0:00:01]} 6. e3 {[%emt 0:00:18]} Bf5 {[%emt 0:00:07]} 7. g4 {[%emt 0:00:42]} Be6 {[%emt 0:02:12]} 8. h4 {[%emt 0:00:33]} Bxh4 {[%emt 0:01:41]} 9. Qb3 {[%emt 0:00:05]} g5 {[%emt 0:00:14]} 10. Be5 {[%emt 0:00:11]} f6 {[%emt 0:00:06]} 11. Bh2 {[%emt 0:00:03]} Bxg4 {[%emt 0:00:06]} 12. Qxb7 {[%emt 0:02:07]} Qe7 {[%emt 0:00:05]} 13. Qxe7+ {[%emt 0:20:50]} Nxe7 {[%emt 0:00:07]} 14. Be2 {[%emt 0:00:05]} h5 {[%emt 0:01:38]} 15. Nf3 {[%emt 0:01:32]} Bxf3 {[%emt 0:02:17]} 16. Bxf3 {[%emt 0:00:01]} g4 {[%emt 0:00:10]} 17. Bxb8 {[%emt 0:01:52]} Rxb8 {[%emt 0:02:15]} 18. Be2 {[%emt 0:05:30]} Nf5 $17 {[%emt 0:14:48]} 19. Kf1 {[%emt 0:01:51]} Bg5 {[%emt 0:00:18]} 20. Bxg4 {[%emt 0:01:03]} Ng7 {[%emt 0:00:06]} 21. Bd1 {[%emt 0:02:13]} Rxb2 {[%emt 0:05:07]} 22. Bb3 {[%emt 0:02:22]} Bxe3 {[%emt 0:08:57]} 23. fxe3 {[%emt 0:04:22]} Nf5 {[%emt 0:00:07]} 24. Rh3 {[%emt 0:00:34]} Rg8 {[%emt 0:00:44]} 25. Ne2 {[%emt 0:00:05]} Nd6 {[%emt 0:05:37]} 26. Rc1 {[%emt 0:10:13]} Ne4 {[%emt 0:04:07]} 27. Rxc6 {[%emt 0:02:07]} Nd2+ {[%emt 0:03:05]} 28. Ke1 {[%emt 0:00:03]} Nxb3 {[%emt 0:00:53]} 29. Rc8+ {[%emt 0:00:22]} Kf7 {[%emt 0:00:41]} 30. Rxg8 {[%emt 0:00:02]} Kxg8 {[%emt 0:00:56]} 31. axb3 {[%emt 0:00:01]} Rxb3 {[%emt 0:00:08]} 32. Kf2 {[%emt 0:00:09]} a5 {[%emt 0:00:40]} 33. Rxh5 {[%emt 0:00:02]} a4 {[%emt 0:00:16]} 34. Rxd5 {[%emt 0:00:08]} a3 {[%emt 0:00:04]} 35. Ra5 {[%emt 0:00:04]} Kf7 {[%emt 0:00:09]} 36. Kf3 {[%emt 0:00:18]} Ke7 {[%emt 0:00:43]} 37. Ra6 {[%emt 0:00:38]} f5 {[%emt 0:00:14]} 38. Ng3 {[%emt 0:00:14]} Kd7 {[%emt 0:00:08]} 39. Nxf5 {[%emt 0:00:06]} Kc7 {[%emt 0:00:08]} 40. d5 {[%emt 0:00:00]} Kb7 {[%emt 0:00:00]} 41. Ra4 {[%emt 0:00:16]} Kb6 {[%emt 0:00:50]} 42. Nd4 {[%emt 0:00:09]} Rc3 {[%emt 0:00:44]} 43. d6 1-0

[Event "WYCC 2018 O16"]
[Site "Halkidiki"]
[Date "2018.10.21"]
[Round "3"]
[White "Sahidi, Samir"]
[Black "Fernandez Garcia, Gumersindo"]
[Result "1-0"]
[WhiteElo "2315"]
[BlackElo "2065"]
[Annotator "NA"]
[PlyCount "97"]
[EventDate "2018.10.20"]
[EventType "swiss"]
[EventCountry "GRE"]
[SourceTitle "playchess.com"]
[Source "ChessBase"]
[SourceQuality "1"]
[TimeControl "40/5400+30:1800+30"]

1. Nf3 {[%emt 0:00:00]} Nf6 {[%emt 0:00:45]} 2. d4 {[%emt 0:01:04]} g6 {[%emt 0:00:28]} 3. c4 {[%emt 0:00:40]} Bg7 {[%emt 0:00:14]} 4. Nc3 {[%emt 0:01:31]} O-O {[%emt 0:00:12]} 5. e4 {[%emt 0:01:19]} d6 {[%emt 0:01:29]} 6. Be2 {[%emt 0:01:10]} Nbd7 {[%emt 0:00:19]} 7. e5 {[%emt 0:05:37]} dxe5 {[%emt 0:04:54]} 8. dxe5 {[%emt 0:00:35]} Ng4 {[%emt 0:00:43] LiveBook: 28 Games} 9. e6 {[%emt 0:00:25] E91: King's Indian: Classical: 6 Be2, unusual replies including 6...c5 and 6...Bg4} fxe6 {[%emt 0:00:15]} 10. h3 {[%emt 0:04:31]} (10. O-O Nc5 11. h3 Bxc3 12. bxc3 Qxd1 13. Rxd1 Nf6 14. Bh6 Re8 15. Bf4 c6 16. Ne5 b6 17. Nxc6 Bb7 18. Nd4 {½-½ (34) Kristiansen,J (2423)-Jones,G (2647) Helsingor 2015}) 10... Nge5 {[%emt 0:07:55]} 11. Nxe5 {[%emt 0:01:54]} Nxe5 {[%emt 0:00:59]} 12. Be3 {[%emt 0:03:15]} c6 $146 {[%emt 0:08:35]} ({Predecessor:} 12... Nc6 13. O-O Nd4 14. Rc1 e5 15. c5 Kh8 16. Qd2 Be6 {0-1 (64) Gurevich,D (2545)-Mestel,A (2540) Hastings 1984}) 13. Qc2 {[%emt 0:01:10]} Qc7 {[%emt 0:01:10]} 14. Ne4 {[%emt 0:02:57]} Nd7 {[%emt 0:08:35]} 15. O-O Nf6 {[%emt 0:04:04]} 16. Ng3 {[%emt 0:03:24]} b6 {[%emt 0:03:47]} 17. Bf3 {[%emt 0:03:17]} Bb7 {[%emt 0:02:40]} 18. Rfe1 {[%emt 0:03:23]} e5 {[%emt 0:09:40]} 19. Bd2 {[%emt 0:01:55]} Nd7 {[%emt 0:02:13]} 20. Be4 {[%emt 0:00:45]} Nc5 $11 {[%emt 0:02:02]} 21. h4 {[%emt 0:03:41]} Rad8 {[%emt 0:07:03]} 22. Rad1 {[%emt 0:06:33]} Nxe4 {[%emt 0:02:47]} 23. Nxe4 {[%emt 0:00:23]} c5 {[%emt 0:01:27]} 24. Be3 {[%emt 0:03:41]} Qc6 {[%emt 0:02:41]} 25. f3 {[%emt 0:00:11]} Bf6 {[%emt 0:07:22]} 26. Bf2 {[%emt 0:07:28]} Qc8 {[%emt 0:04:49]} 27. a3 {[%emt 0:03:05]} Rxd1 {[%emt 0:01:22]} 28. Rxd1 {[%emt 0:01:31]} Rd8 {[%emt 0:00:17]} 29. Rxd8+ {[%emt 0:05:14]} Qxd8 {[%emt 0:00:04]} 30. b4 {[%emt 0:00:11]} cxb4 {[%emt 0:02:07]} 31. axb4 {[%emt 0:01:34]} Qc7 {[%emt 0:05:55]} 32. c5 {[%emt 0:01:16]} bxc5 {[%emt 0:00:54]} 33. Qc4+ {[%emt 0:00:58]} Kh8 {[%emt 0:00:58]} 34. Qf7 {[%emt 0:01:24]} Qd8 {[%emt 0:00:54]} 35. Nxf6 {[%emt 0:00:33]} exf6 {[%emt 0:00:42]} 36. Qxb7 {[%emt 0:00:12]} cxb4 {[%emt 0:01:00]} 37. Qxb4 {[%emt 0:01:26]} a5 {[%emt 0:00:42]} 38. Qa4 {[%emt 0:01:15]} f5 {[%emt 0:04:45]} 39. Be1 {[%emt 0:01:50]} Qb6+ {[%emt 0:00:50]} 40. Kh2 {[%emt 0:00:00]} Qd6 {[%emt 0:00:00]} 41. Bc3 {[%emt 0:01:23]} Qe7 {[%emt 0:01:18]} 42. Qf4 {[%emt 0:00:47]} a4 {[%emt 0:01:18]} 43. Bxe5+ {[%emt 0:00:16]} Kg8 {[%emt 0:00:07]} 44. Qd4 {[%emt 0:01:36]} h6 {[%emt 0:02:39]} 45. Bd6 {[%emt 0:02:14]} Qd7 {[%emt 0:01:13]} 46. Qf6 {[%emt 0:00:30]} Qf7 {[%emt 0:00:30]} 47. Qxf7+ {[%emt 0:00:30]} Kxf7 {[%emt 0:00:30]} 48. Kg3 {[%emt 0:00:30]} Kf6 {[%emt 0:00:30]} 49. Bf8 {[%emt 0:00:30]} 1-0

[Event "WYCC 2018 O16"]
[Site "Halkidiki"]
[Date "2018.10.21"]
[Round "3"]
[White "Mis, Mieszko"]
[Black "Kim, Yunseo"]
[Result "1-0"]
[WhiteElo "2307"]
[BlackElo "1995"]
[Annotator "NA"]
[PlyCount "77"]
[EventDate "2018.10.20"]
[EventType "swiss"]
[EventCountry "GRE"]
[SourceTitle "playchess.com"]
[Source "ChessBase"]
[SourceQuality "1"]
[TimeControl "40/5400+30:1800+30"]

1. d4 {[%emt 0:00:00]} Nf6 {[%emt 0:00:00]} 2. c4 {[%emt 0:00:00]} g6 {[%emt 0:00:00]} 3. g3 {[%emt 0:00:06]} Bg7 {[%emt 0:00:00]} 4. Bg2 {[%emt 0:00:05]} O-O {[%emt 0:00:00]} 5. Nc3 {[%emt 0:00:44]} d6 {[%emt 0:00:03]} 6. Nf3 {[%emt 0:00:08]} Nbd7 {[%emt 0:00:12]} 7. O-O e5 8. h3 {[%emt 0:05:21]} c6 {[%emt 0:02:53]} 9. e4 {[%emt 0:02:11]} exd4 {[%emt 0:00:39]} 10. Nxd4 {[%emt 0:00:27]} Re8 {[%emt 0:00:45]} 11. Re1 {[%emt 0:02:55]} Nc5 {[%emt 0:01:56]} 12. Nb3 {[%emt 0:08:56]} Nxb3 {[%emt 0:15:09]} 13. axb3 {[%emt 0:01:40]} Be6 {[%emt 0:05:29]} 14. Bf4 {[%emt 0:03:16]} Qd7 {[%emt 0:01:56]} 15. Kh2 {[%emt 0:04:37]} Red8 {[%emt 0:01:49]} 16. Qd2 {[%emt 0:03:44]} Ne8 $16 {[%emt 0:18:42]} 17. Be3 {[%emt 0:08:14]} a6 {[%emt 0:02:34]} 18. Na4 {[%emt 0:04:52]} Qe7 {[%emt 0:03:23]} 19. Nb6 {[%emt 0:01:41]} Rab8 {[%emt 0:00:51]} 20. Rad1 {[%emt 0:10:10]} Qc7 {[%emt 0:06:12]} 21. f4 {[%emt 0:02:52]} Nf6 {[%emt 0:07:57]} 22. Qf2 {[%emt 0:02:43]} c5 {[%emt 0:00:51]} 23. Nd5 {[%emt 0:07:41]} Nxd5 {[%emt 0:05:46]} 24. cxd5 {[%emt 0:01:01]} Bd7 {[%emt 0:07:15]} 25. b4 {[%emt 0:01:13]} b6 {[%emt 0:00:44]} 26. e5 {[%emt 0:03:30]} dxe5 {[%emt 0:04:50]} 27. d6 {[%emt 0:03:22]} Qc8 {[%emt 0:00:19]} 28. fxe5 {[%emt 0:00:25]} Bxe5 {[%emt 0:00:52]} 29. Bg5 {[%emt 0:00:35]} Re8 {[%emt 0:02:24]} 30. Bd5 {[%emt 0:08:31]} Bf5 {[%emt 0:02:43]} 31. Be7 {[%emt 0:03:44]} Bd4 {[%emt 0:02:48]} 32. Qf3 {[%emt 0:03:10]} Be6 {[%emt 0:04:49]} 33. Bxe6 {[%emt 0:00:13]} fxe6 {[%emt 0:00:14]} 34. Rf1 {[%emt 0:00:10]} Rxe7 {[%emt 0:01:01]} 35. dxe7 {[%emt 0:00:06]} Qe8 {[%emt 0:00:06]} 36. Rxd4 {[%emt 0:00:35]} cxd4 {[%emt 0:00:13]} 37. Qf6 {[%emt 0:00:01]} h5 {[%emt 0:00:59]} 38. Qxe6+ {[%emt 0:00:12]} Kh7 {[%emt 0:00:17]} 39. Rf8 {[%emt 0:01:26]} 1-0

[Event "WYCC 2018 O16"]
[Site "Halkidiki"]
[Date "2018.10.21"]
[Round "3"]
[White "Bekturov, Tamerlan"]
[Black "Aravena Navarro, Alexis Andres"]
[Result "1-0"]
[WhiteElo "2297"]
[BlackElo "1970"]
[Annotator "NA"]
[PlyCount "77"]
[EventDate "2018.10.20"]
[EventType "swiss"]
[EventCountry "GRE"]
[SourceTitle "playchess.com"]
[Source "ChessBase"]
[SourceQuality "1"]
[TimeControl "40/5400+30:1800+30"]

1. d4 {[%emt 0:00:00]} Nf6 {[%emt 0:00:00]} 2. c4 {[%emt 0:00:00]} c5 {[%emt 0:00:00]} 3. d5 {[%emt 0:00:27]} b5 {[%emt 0:00:04]} 4. cxb5 {[%emt 0:00:42]} a6 {[%emt 0:00:14]} 5. f3 {[%emt 0:03:13]} g6 {[%emt 0:02:42]} 6. e4 {[%emt 0:00:17]} d6 {[%emt 0:00:01]} 7. bxa6 {[%emt 0:03:44]} Bg7 {[%emt 0:00:13]} 8. Bb5+ {[%emt 0:03:22]} Bd7 {[%emt 0:06:53]} 9. Bc4 {[%emt 0:04:04]} O-O {[%emt 0:00:06]} 10. Ne2 {[%emt 0:00:06]} Nxa6 {[%emt 0:01:26]} 11. O-O $14 {[%emt 0:00:23]} Qb6 {[%emt 0:02:20]} 12. Nbc3 {[%emt 0:00:45]} Rfb8 {[%emt 0:00:33]} 13. b3 {[%emt 0:01:34]} Nb4 14. a4 {[%emt 0:03:55]} Bc8 {[%emt 0:05:33]} 15. Be3 {[%emt 0:10:15]} Nd7 {[%emt 0:07:44]} 16. Rb1 {[%emt 0:04:04]} Ba6 {[%emt 0:05:54]} 17. Bxa6 {[%emt 0:02:07]} Nxa6 {[%emt 0:02:04]} 18. Nb5 {[%emt 0:03:05]} Nb4 {[%emt 0:07:01]} 19. Qd2 {[%emt 0:06:38]} Qa5 {[%emt 0:04:30]} 20. Rfc1 {[%emt 0:00:31]} Rb7 {[%emt 0:02:18]} 21. Na3 {[%emt 0:05:09]} Rab8 {[%emt 0:16:10]} 22. Nc4 {[%emt 0:03:23]} Qd8 {[%emt 0:03:00]} 23. Nc3 {[%emt 0:00:50]} Na6 {[%emt 0:01:29]} 24. Nb5 {[%emt 0:00:18]} Ne5 {[%emt 0:03:27]} 25. Na5 {[%emt 0:03:39]} Rb6 {[%emt 0:06:19]} 26. f4 {[%emt 0:09:30]} Ng4 {[%emt 0:00:31]} 27. Nc6 {[%emt 0:01:12]} Rxc6 {[%emt 0:11:39]} 28. dxc6 {[%emt 0:00:08]} Nc7 {[%emt 0:02:30]} 29. Bxc5 {[%emt 0:05:54]} Nxb5 {[%emt 0:03:03]} 30. axb5 {[%emt 0:00:27]} Rxb5 {[%emt 0:00:29]} 31. Bd4 {[%emt 0:05:44]} e5 {[%emt 0:01:10]} 32. c7 {[%emt 0:01:20]} Qc8 {[%emt 0:00:24]} 33. Qe2 {[%emt 0:02:47]} Rb7 {[%emt 0:00:47]} 34. Qxg4 {[%emt 0:00:18]} f5 {[%emt 0:00:01]} 35. Qe2 {[%emt 0:00:31]} exd4 {[%emt 0:00:01]} 36. Qa6 {[%emt 0:00:27]} Bf8 {[%emt 0:00:56]} 37. Qxb7 {[%emt 0:00:15]} Qxb7 {[%emt 0:00:01]} 38. c8=Q {[%emt 0:00:10]} Qxe4 {[%emt 0:00:06]} 39. Re1 {[%emt 0:00:29]} 1-0

[Event "WYCC 2018 O16"]
[Site "Halkidiki"]
[Date "2018.10.21"]
[Round "3"]
[White "Kamer, Kayra"]
[Black "Blohberger, Felix"]
[Result "1/2-1/2"]
[WhiteElo "2290"]
[BlackElo "2433"]
[Annotator "TA"]
[PlyCount "154"]
[EventDate "2018.10.20"]
[EventType "swiss"]
[EventCountry "GRE"]
[SourceTitle "playchess.com"]
[Source "ChessBase"]
[SourceQuality "1"]

{[%evp 20,154,0,0,-1,-61,-22,-31,-20,-10,-22,-16,-12,-32,-18,-21,-23,-35,-41,-45,-17,-43,-38,-30,-8,-17,0,-16,0,0,0,0,0,-12,-11,-12,-13,-13,-12,-12,-16,-14,-18,-12,-14,-34,-27,-25,-27,-22,-28,-61,-43,-61,-41,-38,-36,-36,-36,-61,-60,-46,-48,-56,-53,-59,-58,-75,-75,-75,-75,-82,-75,-75,-75,-72,-9,-9,-8,-8,-8,-9,-8,-8,-8,-16,-16,-16,-8,-8,0,0,0,-8,-8,-8,-8,-8,-8,-8,0,-8,-8,-8,-8,-8,-8,-79,-79,-79,-79,-79,-35,-49,-16,-16,-16,-35,-8,-8,-8,-8,-8,-8,-8,-8,-8,-32,0,0,0,0,0,0,0,0,0]} 1. Nf3 d5 2. g3 c6 3. Bg2 Bg4 4. O-O Nd7 5. d4 e6 6. b3 Ngf6 7. c4 Be7 8. Bb2 O-O 9. Nbd2 h6 10. Re1 {D11: Slav Defence: 3 Nf3 sidelines and 3...Nf6 4 e3 Bg4} (10. Qc2 Bf5 11. Qc3 b5 12. Ne5 Rc8 13. Nxd7 Qxd7 14. c5 Ne4 15. Nxe4 dxe4 16. f3 Qd5 17. fxe4 Bxe4 18. Bxe4 Qxe4 {0-1 (38) Rakhmanov,A (2640)-Navara,D (2730) Minsk 2015}) 10... Bf5 11. Ne5 {LiveBook: 13 Games} a5 12. e4 $146 (12. Rc1 $11) ({Predecessor:} 12. a3 Nxe5 13. dxe5 Nd7 14. cxd5 cxd5 15. e4 dxe4 16. Nxe4 Nc5 17. Nxc5 Bxc5 18. Qxd8 Raxd8 19. Bc3 Rd3 20. Bxa5 Rxb3 21. Bd2 Rd8 22. Be3 Bxa3 23. Bxb7 Bb2 24. Ra8 Rxa8 25. Bxa8 Bxe5 26. Bxh6 Bc3 {0-1 (26) Zgadzaj,R (2131)-Sonis,F (2448) Porto Mannu 2018}) 12... dxe4 (12... Nxe5 {is more complex.} 13. dxe5 Nxe4 14. Nxe4 dxe4 15. Qe2 Qd3) 13. Nxe4 Bxe4 (13... Nxe5 {seems wilder.} 14. Nxf6+ Bxf6 15. dxe5 Be7 16. Bc3 Bc5) 14. Bxe4 Nxe4 15. Rxe4 Nxe5 16. Rxe5 Bf6 17. Re2 Qd6 18. Qd3 Rfd8 {[%cal Rf6d4]} 19. Rd1 Rd7 20. Qe4 a4 21. Red2 axb3 22. axb3 Qb4 23. Rd3 Ra2 24. Bc1 Ra1 25. Kg2 Qb6 (25... Qe7 {keeps more tension.} 26. Qg4 Kh7 27. h4 Kh8 28. Bg5 Rxd1 29. Bxf6 Qxf6 30. Rxd1 Kg8) 26. d5 (26. h4 {is interesting.} Qa6 27. Qg4 Qa2 28. Qf3 Qc2 29. Be3) 26... cxd5 27. cxd5 Rxd5 ({Much weaker is} 27... Ra2 $6 28. Be3 $16) 28. Rxd5 exd5 29. Qxd5 Qc6 30. Qxc6 bxc6 $11 {[%mdl 4096] Endgame KRB-KRB} 31. Re1 Rb1 32. Re8+ Kh7 33. Be3 Rxb3 34. Rc8 Rc3 35. g4 Kg6 36. h3 Be5 37. h4 h5 38. gxh5+ Kxh5 39. Rh8+ Kg6 40. h5+ Kf5 41. Rf8 Ke6 42. Re8+ Kd6 43. h6 gxh6 44. Bxh6 c5 45. Rd8+ Ke6 46. Re8+ Kf5 47. Be3 c4 (47... Rc2 $17 48. Kf3 Bd6) 48. Kf3 Rb3 49. Rc8 c3 50. Ke2 Rb7 51. Rc5 Ke6 52. Kd3 Rd7+ 53. Kc2 f5 54. Rc4 Kd5 55. Kd3 Ke6+ 56. Kc2 Rd8 57. f3 Rd7 58. Rc6+ Kf7 59. Rc5 Ke6 60. Rc6+ Kd5 61. Rc5+ Kd6 62. f4 Bxf4 63. Rxc3 {[#]} (63. Bd4 $1 $11 {keeps the balance.}) 63... Ke5 $1 $17 {aiming for ...Bxe3.} 64. Rd3 Rb7 65. Bd2 Ke4 {...Bxd2 is the strong threat.} 66. Rc3 Be5 67. Re3+ Kd5 68. Rf3 f4 69. Kd3 Rf7 70. Bc1 Rf8 71. Bd2 Rf5 72. Bc1 Rf6 73. Bd2 Rd6 74. Bxf4 {The position is equal.} Bxf4 75. Rxf4 Ke5+ 76. Ke3 Rd3+ 77. Kxd3 Kxf4 {Precision: White = 70%, Black = 60%.} 1/2-1/2